IHWC all countries in top division (women) - Statistics

General Stats
  • This quiz has been taken 10 times
  • The average score is 12 of 14
Answer Stats
Hint Answer % Correct
every time Canada
100%
1 time Denmark
100%
every time Finland
100%
4 times Norway
100%
every time Sweden
100%
every time USA
100%
over 10 times China
90%
6 times Japan
90%
over 10 times Russia
90%
4 times Czech Republic
80%
over 10 times Germany
80%
2 times Slovakia
80%
over 10 times Switzerland
70%
4 times Kazakhstan
40%
No matching quizzes found
Score Distribution
Percent of People with Each Score
Percentile by Number Answered
Your Score History
You have not taken this quiz